| 000 | 01418cam a2200373 a 4500 | ||
|---|---|---|---|
| 999 |
_c234411 _d234411 |
||
| 001 | 14755453 | ||
| 003 | Nust | ||
| 005 | 20180703120641.0 | ||
| 008 | 070302s2007 nyu 000 1 eng | ||
| 010 | _a 2007008809 | ||
| 020 |
_a9780749938710 _cRs. 436 |
||
| 035 | _a(OCoLC)ocm85766263 | ||
| 035 | _a(OCoLC)85766263 | ||
| 038 | _aArshad | ||
| 040 |
_aDLC _cDLC _dBTCTA _dBAKER _dWIQ _dP@N _dC#P _dVP@ _dYDXCP _dDLC |
||
| 043 | _an-us-ny | ||
| 050 | 0 | 0 |
_aPS3568.O243 _bC74 2007 |
| 082 | 0 | 0 |
_a813.54 _bROB |
| 100 | 1 |
_aRobb, J. D., _d1950- _911420 |
|
| 245 | 1 | 0 |
_aCreation in death / _cJ. D. Robb. |
| 260 |
_aNew York : _bG.P. Putnam's Sons, _c2007. |
||
| 300 |
_a337 p. ; _c24 cm. |
||
| 500 | _a"Nora Roberts writing as J.D. Robb"--Jacket. | ||
| 650 | 0 |
_aDallas, Eve (Fictitious character) _vFiction. _911421 |
|
| 650 | 0 |
_aPolice _zNew York (State) _zNew York _vFiction. _911422 |
|
| 650 | 0 |
_aPolicewomen _vFiction. _911423 |
|
| 651 | 0 |
_aNew York (N.Y.) _vFiction. _94634 |
|
| 655 | 7 |
_aMystery fiction. _2gsafd _95621 |
|
| 856 | 4 | 2 |
_3Contributor biographical information _uhttp://www.loc.gov/catdir/enhancements/fy0808/2007008809-b.html |
| 856 | 4 | 2 |
_3Publisher description _uhttp://www.loc.gov/catdir/enhancements/fy0808/2007008809-d.html |
| 906 |
_a7 _bcbc _corignew _d1 _eecip _f20 _gy-gencatlg |
||
| 942 |
_2ddc _cBK |
||